| 000 | 00845nam a2200253 a 4500 | ||
|---|---|---|---|
| 001 | BRCA_5244 | ||
| 005 | 20190320205012.0 | ||
| 008 | 301110s1914----enka######---#000-0#eng-# | ||
| 041 | _aeng | ||
| 044 | _aenk | ||
| 050 | 4 |
_aND1471 _b.L38 1914 |
|
| 100 | 1 |
_aLaurie, Arthur Pillans _97517 |
|
| 245 | 1 | 0 |
_aThe pigments and mediums of the old masters _bwith a special chapter on the microphotographic study of brushwork _cby A.P. Laurie. |
| 260 |
_aLondres _bMacmillan _c1914 |
||
| 300 |
_axiv, 192 p. _bil., 34 láminas _c24 cm. |
||
| 500 | _aIncluye lista de ilustraciones, lista de tablas, lista cronológica de manuscritos e índice alfabético | ||
| 500 | _aEdición con cantos dorados | ||
| 500 | _aE64 | ||
| 650 | 1 | 4 |
_aPintura _xTécnica _91564 |
| 650 | 1 | 4 |
_aColor _913437 |
| 650 | 1 | 4 |
_aPigmentos _97518 |
| 902 | _aGFM | ||
| 942 |
_2lcc _cB |
||
| 999 |
_c4938 _d4938 |
||